Dispepsia. (Registro nro. 898)

Detalles MARC
000 -LEADER
fixed length control field 01036nam a2200289 a 4500
008 - CAMPO DE CONTROL (LIBRO)
fixed length control field 110815s2000 sp ||||f |||| 001 0 spa d
020 ## - INTERNATIONAL STANDARD BOOK NUMBER
ISBN S/N
041 ## - CODIGO DE IDIOMA
Código de idioma del texto/pista de sonido o título separado spa
092 ## - SIGNATURA TOPOGRAFICA DEWEY LOCAL
número de clasificación 616.332
libristica 24
sección FER
100 1# - ENTRADA PRINCIPAL--NOMBRE PERSONAL
Nombre personal Ferrándiz Santos, Juan
9 (RLIN) 789
245 ## - TITULO PROPIAMENTE DICHO
Título Dispepsia.
Subtítulo y Título paralelo Tratamiento compartido entre la atención primaria y la especializada /
Mención de responsabilidad y remanente de la transcripción de la portada Juan Ferrándiz Santos
250 ## - MENCION DE EDICION
Mención de edición 1a ed.
260 ## - PIE DE IMPRENTA
Lugar de publicación, distribución, etc Barcelona:
Nombre de la editorial, distribuidor, etc Euromedice;
Fecha de publicación 2000.
300 ## - DESCRIPCION FISICA
Extension 153 p.
500 ## - NOTA GENERAL
Nota general Ferrándiz Santos, J. y Piqué Badía, J. M. (2000). Dispepsia. Tratamiento compartido entre la atención primaria y la especializada. (1a ed.). Barcelona : Euromedice.
590 ## - NOTAS LOCALES (RLIN)
Nota local Donación Agosto, 2011
653 ## - TÉRMINO INDIZADO - PALABRAS CLAVES
Palabra clave Concepto y clasificación
653 ## - TÉRMINO INDIZADO - PALABRAS CLAVES
Palabra clave Epidemiología
653 ## - TÉRMINO INDIZADO - PALABRAS CLAVES
Palabra clave Etiopatogenia
653 ## - TÉRMINO INDIZADO - PALABRAS CLAVES
Palabra clave Clínica
653 ## - TÉRMINO INDIZADO - PALABRAS CLAVES
Palabra clave Diagnóstico
653 ## - TÉRMINO INDIZADO - PALABRAS CLAVES
Palabra clave Helicobacter Pylori
653 ## - TÉRMINO INDIZADO - PALABRAS CLAVES
Palabra clave Tratamiento de la úlcera gastroduodenal
653 ## - TÉRMINO INDIZADO - PALABRAS CLAVES
Palabra clave Tratamiento de la dispepsia funcional
700 1# - ENTRADAS SECUNDARIAS - NOMBRE PERSONAL
Nombre personal Piqué Badía, Josep M.
9 (RLIN) 790
942 ## - ADDED ENTRY ELEMENTS (KOHA)
Source of classification or shelving scheme Dewey Decimal Classification
Item type Libros
Existencias
Estado de retiro Existencia Fuente de clasificación Estado general No para prestamo Ubicación permanente ubicación actual Sala de ubicación Fecha de adquisición Total Checkouts Número de clasificación Código de barras Date last seen Número de ejemplar Price effective from Koha tipo de elemento (item)
    Dewey Decimal Classification     Biblioteca Medicina Biblioteca Medicina Circulación 15/08/2011   615.332 24 FER 2419 06/11/2014 ej.1 15/08/2011 Libros

UNIVERSIDAD NACIONAL DEL COMAHUE
Biblioteca de la Facultad de Ciencias Médicas
Sede Toschi: Los Arrayanes y Av. Toschi, Cipolletti  - Rio Negro
Sede Los Tordos:  Yrigoyen al 2211, Cipolletti - Rio Negro 

Teléfono: 0299 - 4774707 int 25
Contacto: biblioteca@facimed.uncoma.edu.ar
© 2011 - 2026